Fr. Conceicao Rodrigues College of Engineering

Guided Electromagnetic waves (Record no. 21524)

MARC details
000 -LEADER
fixed length control field 00352nam a2200157Ia 4500
082 ## - DEWEY DECIMAL CLASSIFICATION NUMBER
Classification number 530.141/MRO
Item number MRO
100 ## - MAIN ENTRY--PERSONAL NAME
Personal name Mrozowski/ Michael
245 ## - TITLE STATEMENT
Title Guided Electromagnetic waves
260 ## - PUBLICATION, DISTRIBUTION, ETC.
Name of publisher, distributor, etc. prentice hall
Date of publication, distribution, etc. 2008
366 ## - TRADE AVAILABILITY INFORMATION
Publishers's discount category 17.5
546 ## - LANGUAGE NOTE
Language note ENGLISH
650 ## - SUBJECT ADDED ENTRY--TOPICAL TERM
Topical term or geographic name entry element Electromagnetics
654 ## - SUBJECT ADDED ENTRY--FACETED TOPICAL TERMS
Focus term electromagnetic
942 ## - ADDED ENTRY ELEMENTS (KOHA)
Koha item type BOOK
Holdings
Withdrawn status Lost status Damaged status Not for loan Collection Home library Current library Date acquired Source of acquisition Cost, normal purchase price Inventory number Total Checkouts Full call number Barcode Date last seen Cost, replacement price Price effective from Koha item type
        CRC Fr. Agnel's C.Rodrigues College of Engineering Fr. Agnel's C.Rodrigues College of Engineering 17/03/2023 Educational books and periodicals 325.88 263 dt 05/05/2009   530.141/MRO MRO 19504 17/03/2023 395.00   BOOK